[Event "70th RUS-ch Women Higher League 2020"]
[Site "Sochi"]
[Date "2020.10.17"]
[Round "9.7"]
[White "Voit, Daria"]
[Black "Paramzina, Anastasya"]
[Result "1-0"]
[WhiteElo "2343"]
[BlackElo "2237"]
[Annotator "TA"]
[PlyCount "85"]
[EventDate "2020.10.08"]
[EventType "swiss"]
[EventCountry "RUS"]
[SourceTitle "playchess.com"]
[Source "ChessBase"]
[SourceQuality "1"]

{[%evp 13,85,34,61,14,18,20,23,0,0,3,3,0,41,8,67,42,104,92,185,114,180,187,187,189,198,187,172,178,176,110,252,208,236,122,117,118,110,143,156,154,211,154,557,571,581,567,510,554,719,691,1455,1338,1233,442,427,455,451,442,439,437,384,406,1091,1022,1269,1254,5002,2368,12837,12837,12076,8672,12838,12838]} 1. d4 Nf6 2. c4 g6 3. Nc3 d5 4. Nf3 Bg7 5. Qa4+ c6 6. cxd5 Nxd5 7. e4 Nb6 8. Qd1 {D90: Grünfeld: 4 Nf3 Bg7 sidelines.} Bg4 9. Be3 $1 e5 {Hoping for ...exd4.} 10. dxe5 {And now Qxd8+ would win.White has an edge.} N8d7 {[#]} 11. Be2 $146 ({Predecessor:} 11. e6 Bxe6 12. Bd4 O-O 13. Bxg7 Kxg7 14. Qd4+ Nf6 15. O-O-O Qxd4 16. Nxd4 Ng4 17. Rd2 Rad8 18. f3 Ne3 19. b3 {½-½ (19) Kosic,D (2515)-Petre,N (2364) Budapest 2013}) 11... Bxf3 12. gxf3 Nxe5 13. Qb3 {Threatening a4.} Qd7 (13... Qh4 $11) 14. h4 $1 $14 h5 ({Better is} 14... O-O-O $14) 15. a4 Qc7 (15... Qe6 $16 {was necessary.} 16. Qxe6+ fxe6) 16. Rc1 (16. O-O-O $18) 16... O-O (16... Rd8 $16 {is a better defense.}) 17. f4 $18 Ned7 18. Rg1 {Rxg6 is the strong threat.} Kh7 19. e5 Nxe5 20. fxe5 Qxe5 21. Rg5 ({White should try} 21. Rg3 $18) 21... f5 (21... Qh2 $16) 22. Rd1 Rae8 23. Bd4 (23. a5 $1 $18 {[%cal Ra5b6]} Qxa5 24. Rd6 Rxe3 25. fxe3) 23... Qf4 $16 24. Bxg7 $1 ({But not} 24. Bxb6 $6 axb6 25. Rd7 Qxh4 $15) 24... Kxg7 {[#]} 25. a5 $1 {[%cal Ba4a5,Ba5b6,Bb6a7][%mdl 32]} Qxh4 {[#]} 26. Rg1 $1 $36 {[%mdl 2048] White is on the roll.} Qh2 (26... Qc4 $16 27. Qxc4 Nxc4) 27. Rf1 f4 $2 (27... Nd5 $16) 28. axb6 $18 f3 29. Rd7+ Kh6 30. bxa7 fxe2 31. Nxe2 Re4 32. Qc2 Qf4 33. Qd2 (33. Kd1 $142 Rxe2 34. Qxe2) 33... Qxd2+ 34. Kxd2 Ra4 35. Rxb7 Rd8+ 36. Ke3 Re8+ 37. Kf3 Re5 (37... Ra8 $142 38. Rc1 R8xa7) 38. Nc3 {White is clearly winning.} Ra6 39. Rd1 Rea5 40. Rdd7 {Ne4 would kill now.} Rf5+ 41. Ke3 {White threatens Ne4 and mate.} Kg5 42. Rd6 Re5+ 43. Ne4+ {Av CentiPawn Loss W=-97/B=-137. Weighted=-82/-173} 1-0

[Event "70th RUS-ch Women Higher League 2020"]
[Site "Sochi"]
[Date "2020.10.17"]
[Round "9.8"]
[White "Bivol, Alina"]
[Black "Bodnaruk, Anastasia"]
[Result "1/2-1/2"]
[WhiteElo "2393"]
[BlackElo "2428"]
[Annotator "TA"]
[PlyCount "82"]
[EventDate "2020.10.08"]
[EventType "swiss"]
[EventCountry "RUS"]
[SourceTitle "playchess.com"]
[Source "ChessBase"]
[SourceQuality "1"]

{[%evp 9,82,17,10,0,28,25,24,2,16,-45,-33,-24,-39,-43,-36,-42,-46,-39,-29,-32,-4,-73,-74,-72,-72,-72,-70,-74,-71,-109,-85,-91,-86,-76,-50,-50,-50,-62,-50,-53,-53,-57,-35,-35,-38,-38,-6,-5,-6,-6,-7,-4,-5,-22,-4,-6,-4,-4,-4,-18,-18,-18,-18,-18,-18,-18,-18,-18,-2,-2,-2,-8,0,0,0]} 1. e4 c5 2. Nf3 d6 3. Bb5+ Nd7 4. Ba4 a6 5. c4 Ngf6 6. O-O {B51: Sicilian: Moscow Variation (3 Bb5+) without 3...Bd7.} g6 7. Nc3 Bg7 8. d4 {[#] Strongly threatening e5.White has an edge.} cxd4 9. Qxd4 (9. Nxd4 $11 O-O 10. Bb3) 9... O-O $15 {[#]} 10. Bxd7 $146 ({Predecessor:} 10. Qe3 Nc5 11. Bc2 b5 12. Qe2 bxc4 13. e5 dxe5 14. Nxe5 Qc7 15. Nxc4 Ng4 16. g3 {0-1 (72) Nepomniachtchi,I (2767)-Salem,A (2656) Doha 2016}) 10... Nxd7 11. Qe3 b5 12. cxb5 axb5 13. Rd1 Bb7 14. Nxb5 Qb6 15. Nc3 (15. Qxb6 $11 Nxb6 16. Nfd4) 15... Qxe3 $17 16. Bxe3 Bxc3 $1 17. bxc3 Bxe4 18. Nd4 Rfc8 19. Bd2 Nc5 20. Re1 e5 21. Nb3 {[#] And now Nxc5 would win.} Bd5 (21... Ra4 {with more complications.} 22. Nxc5 Rxc5 23. f3 Bd3 24. Red1 f5) 22. Nxc5 Rxc5 23. Be3 Rca5 24. Rad1 R8a6 25. Bg5 f5 26. Bd8 Rc5 {...Kf7 is the strong threat.} 27. Be7 Kf7 28. Rxe5 $1 {The position is equal.} dxe5 29. Bxc5 Rxa2 $11 {[%mdl 4096] Endgame KRB-KRB} 30. h3 Ke6 31. Rb1 Rc2 32. Rb6+ Kf7 33. Rd6 Be6 34. Rc6 Rxc3 35. Rc7+ Kg8 36. Bd6 Rxc7 37. Bxc7 e4 38. h4 Kf7 39. Kf1 Bc4+ 40. Ke1 Bd5 41. g3 Ke6 {Av CentiPawn Loss W=-7/B=-6. Weighted=-6/-7} 1/2-1/2

[Event "70th RUS-ch Women Higher League 2020"]
[Site "Sochi"]
[Date "2020.10.17"]
[Round "9.9"]
[White "Lysenko, Margarita"]
[Black "Charochkina, Daria"]
[Result "1-0"]
[WhiteElo "2239"]
[BlackElo "2356"]
[Annotator "TA"]
[PlyCount "133"]
[EventDate "2020.10.08"]
[EventType "swiss"]
[EventCountry "RUS"]
[SourceTitle "playchess.com"]
[Source "ChessBase"]
[SourceQuality "1"]

{[%evp 9,133,0,0,0,2,-22,-31,-31,-35,-31,0,-74,-69,-64,-6,0,1,0,-10,-28,0,-22,0,0,0,0,0,0,0,0,0,-20,0,-19,0,0,0,0,0,0,23,12,16,6,22,1,8,13,33,16,49,21,15,0,27,29,111,43,43,29,20,0,39,34,25,6,12,12,107,42,85,85,85,85,99,93,78,56,191,193,189,0,76,0,168,187,168,31,31,30,28,28,28,28,32,34,67,65,70,74,68,22,24,0,8,0,0,-8,-8,-15,-8,-8,-8,-8,-12,-68,-8,-8,-8,-11,-8,-8,0,0,0,-12]} 1. d4 d5 2. c4 dxc4 3. e4 Nc6 {[%cal Bb8c6,Bc6e5,Be5g6][%mdl 32]} 4. d5 Ne5 5. Bf4 Ng6 $1 {[%cal Rg6f4]} 6. Bg3 {D20: Queen's Gambit Accepted: 3 e3 and 3 e4.} Nf6 {[#]} 7. Qa4+ $146 ({Predecessor:} 7. Nc3 e5 8. Bxc4 Bd6 9. Nf3 O-O 10. O-O a6 11. Rc1 Bd7 12. a3 Qe7 13. h3 Nh5 {1-0 (36) Maghsoodloo,P (2676)-Josse,M (2235) chess.com INT 2020}) 7... Bd7 8. Qxc4 {Black is slightly better.} c6 {Threatens to win with ...cxd5.} 9. Nc3 e5 10. Nf3 (10. dxc6 $1 $11 {keeps the balance.} Bxc6 11. Nf3) 10... cxd5 $1 $17 11. exd5 Rc8 (11... b5 $15 12. Qe2 (12. Nxb5 Rc8 $15) 12... Bd6) 12. Qb3 $1 $11 e4 13. Nd2 Bc5 14. Be2 O-O 15. O-O $1 ({Much weaker is} 15. Ncxe4 Re8 $17) (15. Ndxe4 Nxe4 16. Nxe4 Re8 $17) 15... e3 (15... Re8 {keeps more tension.} 16. Nc4 h5 17. Qxb7 h4 18. Bd6 Bd4) 16. Nde4 Nxe4 17. Nxe4 exf2+ 18. Bxf2 Bxf2+ 19. Rxf2 Qe7 20. Ng3 b6 21. Raf1 Qd6 22. Ne4 Qe5 23. Bd3 Kh8 24. Nc3 f5 25. Qd1 Rf6 26. Re1 Qd6 27. Bf1 Qc5 28. Qd2 Rd6 29. a4 Rf8 30. Kh1 Rdf6 31. Bb5 Bc8 32. Rfe2 Rd6 {[#]} (32... a6 $11 33. Bc6 h6) 33. Re8 (33. Bc6 $1 $16) 33... Rd8 $14 34. Rxd8 Rxd8 35. Qe3 Qd6 36. Bc6 $36 {[%mdl 2048] White has the initiative.} f4 37. Qe4 Rf8 38. Nb5 Qc5 (38... Qf6 $11) 39. Nd4 (39. b4 $16 Qf2 40. Qe2 (40. Nxa7 $2 f3 $19)) 39... Bg4 40. h3 Bc8 41. Nf3 Bf5 42. Qd4 {Black must now prevent Qxc5.} Qd6 43. Qc3 Bc8 {[#]} ({Better is} 43... Kg8 $14) 44. Qa3 $1 $18 {[%cal Ra3d6]} Qf6 45. Qc3 (45. a5 $18) 45... Qd6 $1 $16 46. Qa3 (46. Ng5 $16) 46... Qf6 $1 $18 47. a5 bxa5 48. Qc3 ({But not} 48. Qxa5 $6 Nh4 $16) (48. Qc5 $18) 48... Qd6 $1 $14 49. Qxa5 {And now Qa3 would win.} Ne7 50. Qa3 Qxa3 51. bxa3 Nf5 52. Kg1 Kg8 53. Re4 Nd6 54. Ra4 $1 {[%cal Ra4a7]} a6 55. Rb4 h6 56. Ne5 g5 57. Rb8 Kg7 58. Ra8 h5 59. Bd7 Bb7 60. Rxf8 Kxf8 $11 {[%mdl 4096] Endgame KBN-KBN} 61. Be6 Ke7 62. Nd3 ({White should try} 62. h4 $11) 62... Ne4 (62... a5 $1 $15 63. Nc5 Ba8) 63. h4 {The position is equal.} gxh4 64. Nxf4 Kd6 65. Bf7 Ke5 66. Nd3+ Kd6 67. Nf4 {[%mdl 32768] Av CentiPawn Loss W=-12/B=-15. Weighted=-13/-19. Loss on time!?} 1-0

[Event "70th RUS-ch Women Higher League 2020"]
[Site "Sochi"]
[Date "2020.10.17"]
[Round "9.10"]
[White "Solozhenkina, Elizaveta"]
[Black "Garmash, Aliona"]
[Result "0-1"]
[WhiteElo "2301"]
[BlackElo "2093"]
[Annotator "TA"]
[PlyCount "136"]
[EventDate "2020.10.08"]
[EventType "swiss"]
[EventCountry "RUS"]
[SourceTitle "playchess.com"]
[Source "ChessBase"]
[SourceQuality "1"]

{[%evp 12,136,27,17,26,14,30,16,36,28,26,-19,24,30,50,38,50,16,40,11,52,0,12,0,25,-31,24,-8,-9,-4,0,-1,-3,-25,17,-12,7,0,34,43,43,-44,-53,-52,13,10,11,2,16,11,14,16,58,68,150,154,250,229,238,130,249,135,154,173,244,218,208,185,263,187,177,132,132,141,139,83,90,97,270,128,128,121,130,130,142,119,133,119,133,133,156,135,156,156,376,-176,0,-1241,-1056,-12841,92,0,0,0,0,-29995,-12828,-29981,-29982,-29982,-29983,-29983,-29955,-12840,-1227,-12842,-12843,-12843,-12843,-12843,-12843,-12844,-12844,-12845,-12845,-12847,-12847]} 1. e4 c6 2. d4 d5 3. e5 Bf5 4. Nf3 e6 5. Be2 Nd7 6. O-O h6 7. Nbd2 Ne7 {B12: Caro-Kann: Advance Variation.} 8. Nb3 Bh7 9. Bd2 Ng6 {The position is equal.} 10. c4 dxc4 11. Na5 Qc7 12. Nxc4 Be7 13. Rc1 O-O {[#]} 14. Qb3 $146 ({Predecessor:} 14. g3 Rac8 15. h4 Rfd8 16. h5 Ngf8 17. Bf4 Nb6 18. Nd6 Rb8 19. g4 Nc8 20. Nc4 {0-1 (45) Vergara Jofre,F (2339)-Sturt,R (2462) Sant Adria de Besos 2019}) 14... Rfd8 15. Rfd1 Rac8 16. Ba5 b6 17. Bd2 b5 18. Ne3 (18. Na5 $11 Qb6 19. a4) 18... Qb8 (18... Nf4 $15 19. Bf1 (19. Bxb5 Nc5 $15) 19... a5) 19. Ba5 Nf4 20. Bf1 $1 Nb6 21. g3 Nfd5 22. Ne1 Be4 23. f3 Nxe3 24. Qxe3 Bd5 25. b3 Qb7 26. Rc2 ({White should play} 26. Nd3 $14) 26... Qa6 $15 27. Bd2 {[#]} Nd7 (27... c5 $1 $15 {[%mdl 512]} 28. dxc5 Nc4) 28. Nd3 c5 29. dxc5 Nxc5 30. Nb4 Qb7 31. Nxd5 Rxd5 32. Rdc1 {b4 is the strong threat.} Rcd8 (32... b4 $14) 33. Ba5 $16 R8d7 (33... Re8 $16) 34. b4 $1 $18 {[%cal Rb4c5]} (34. Rxc5 $6 Bxc5 35. Rxc5 Rxc5 $16) 34... Na6 35. a3 (35. Rc8+ $18 Kh7 36. Qe4+ g6 37. a3) 35... Rd4 (35... Bd8 $16 {keeps fighting.}) 36. Rc6 (36. Qe2 $18) 36... Kh7 37. Qe2 R4d5 (37... Nb8 $142) 38. f4 g6 39. R6c2 Bd8 (39... Rd3 {was worth a try.} 40. Bg2 (40. Qxd3 Rxd3 41. Bxd3 Qd5 $16) 40... Qb8) 40. Bg2 {[%mdl 64] Skewer} Bb6+ 41. Kh1 Bxa5 42. bxa5 b4 43. axb4 (43. Rb1 $142) 43... Nxb4 $16 44. Rb2 {Strongly threatening Qe1.} Rc7 $2 (44... Qb5 $16 {might work better.}) 45. Rxc7 (45. Rcb1 $18 {has better winning chances.} Qc8 46. Rxb4 Rc1+ 47. Bf1) 45... Qxc7 46. Bxd5 (46. Rxb4 $6 Qc1+ 47. Bf1 Rd1 $11) 46... Qc1+ 47. Kg2 Nxd5 {[%mdl 4096] Endgame KQR-KQN} 48. a6 Kg7 49. Rb7 Qc6 50. Kh3 Qc3 51. Qf2 Qd3 52. Rxa7 Ne3 $2 (52... h5 $16) 53. f5 $4 {[%mdl 8192]} (53. Qf3 $18 {is the narrow road to win.} h5 54. Rxf7+ Kxf7 55. f5 $1 {[%mdl 512]} Qxa6 56. fxg6+ (56. Qxe3 gxf5 57. Qf3 Kg6 $11) 56... Kxg6 57. Qxe3) 53... Qe4 $2 (53... exf5 $19 54. Rxf7+ (54. e6 $2 g5 $19) 54... Kxf7) 54. f6+ $2 {[%mdl 8192]} (54. Rxf7+ $11 Kxf7 55. fxg6+ Kxg6 56. Qf6+ Kh7 57. Qf7+ Kh8 58. Qf6+ Kh7 59. Qf7+ Kh8 60. Qf6+ Kh7) 54... Kg8 $19 {[%csl Ge3][%cal Re4g4]} 55. Qe2 {[#]} h5 $2 (55... g5 $1 $19 {[%cal Rg5g4]} 56. Rxf7 g4+ {[%mdl 64] Zwischenzug} 57. Kh4 Kxf7 58. Qxe3 {[%mdl 64] Remove Defender} Qxe3 59. Kxg4 Qf2 60. Kh4 Qf5 61. g4 Qf3 62. a7 Qg2 63. g5 Qxg5+ {[%mdl 64] Double Attack} 64. Kh3 h5 65. a8=Q Qg4#) 56. Rb7 ({Better is} 56. Rd7 $16 {Black must now prevent a7.} Kh7 57. Rd3 (57. Rxf7+ Kh6 $11) 57... Qf5+ 58. g4 hxg4+ 59. Kg3 Qxe5+ 60. Kf2 Qf4+ 61. Kg1) 56... Kh7 $40 {[%mdl 128] Black attacks.} 57. Rxf7+ Kh6 {( -> ...Qg4+)} 58. g4 $2 {[%mdl 8192]} (58. Rg7 $11 Kg5 59. Rxg6+ Kxg6 60. f7 Qf5+ 61. g4 hxg4+ 62. Kg3 Qxe5+ 63. Kf2 Qf4+ 64. Kg1) 58... Qf4 (58... g5 $142 59. Rh7+ Kxh7 60. Kg3 Qf4+ 61. Kh3 hxg4+ 62. Qxg4 Qxg4#) 59. Rh7+ Kg5 60. Qxe3 Qxe3+ {KQ-KR} 61. Kg2 Qe2+ 62. Kg1 Qxa6 (62... Kxg4 $142 63. Rb7 Qe3+ 64. Kg2 Qf3+ 65. Kg1 Kh3 66. Rb2 Qe3+ {[%mdl 64] Double Attack} 67. Kf1 Qc1+ {[%mdl 64] Double Attack} 68. Kf2 Qxb2+ {[%mdl 64] Double Attack} 69. Ke1 Qc1+ 70. Ke2 Qb2+ 71. Kd1 Qa1+ 72. Kd2 Qxa6 73. Ke3 Qa4 74. Kf3 Kxh2 75. f7 Qa3+ 76. Kf4 Qd3 77. f8=Q Qf1+ 78. Ke4 Qxf8 79. Kd4 Qc8 80. Ke3 Kg3 81. Ke4 Qd8 82. Ke3 Qd1 83. Ke4 Kf2 84. Kf4 Qg4#) 63. gxh5 gxh5 64. f7 Qa8 65. Rg7+ Kh6 66. Rg8 Qa7+ {[%mdl 64] Double Attack} 67. Kg2 Qxf7 68. Rg3 Qf4 {Av CentiPawn Loss W=170/B=-79. Weighted=-19/-87} 0-1

[Event "70th RUS-ch Women Higher League 2020"]
[Site "Sochi"]
[Date "2020.10.17"]
[Round "9.11"]
[White "Semenova, Elena"]
[Black "Potapova, Margarita"]
[Result "1-0"]
[WhiteElo "2284"]
[BlackElo "2270"]
[Annotator "TA"]
[PlyCount "67"]
[EventDate "2020.10.08"]
[EventType "swiss"]
[EventCountry "RUS"]
[SourceTitle "playchess.com"]
[Source "ChessBase"]
[SourceQuality "1"]

{[%evp 9,67,12,33,30,24,25,35,-6,-4,-7,0,-5,-3,-4,-3,0,0,0,0,0,0,-62,-43,-33,0,0,0,-25,-13,-29,-33,-26,-31,-24,-12,-13,-15,-32,46,43,43,49,47,0,654,643,925,870,2352,2197,29993,29992,29994,29995,29995,29982,29982,29983,29977,29970]} 1. e4 c5 2. Nf3 d6 3. Nc3 a6 4. g3 Nc6 5. Bg2 e5 6. Nd5 {B50: Sicilian: 2...d6, Miscellaneous.} g6 7. c3 Bg7 {[#]} 8. O-O $146 {White is slightly better.} (8. d4 $5) ({Predecessor:} 8. d4 cxd4 9. cxd4 Nf6 10. Nxf6+ Bxf6 11. d5 Ne7 12. Bh6 Ng8 13. Be3 Bg7 14. Qb3 {1-0 (56) Safarli,E (2680)-Idani,P (2576) Sharjah 2017}) 8... Nge7 9. d4 exd4 10. cxd4 Nxd5 $1 11. exd5 Nxd4 12. Re1+ Kf8 13. Nxd4 cxd4 14. b3 Bf5 15. g4 (15. Be4 $11) 15... Bd7 16. Ba3 Qb6 17. Qf3 {aiming for Qf4.} h5 18. Qf4 hxg4 19. Bxd6+ Kg8 20. Re7 Bf5 21. Be5 $1 Bf6 22. d6 Bxe7 23. dxe7 f6 ({Black should play} 23... Re8 $1 $15) 24. Bd5+ $14 Kh7 $1 25. Bxd4 Qb4 $1 {[%cal Rb4e7]} 26. Rc1 $40 {[%mdl 128] White is up to no good.} Rae8 $2 {[%mdl 8192]} (26... Rhc8 $11 27. Rxc8 Rxc8) 27. a3 $18 Qa5 {[#]} 28. Qd6 $1 {[%cal Rd6f6]} Qd2 {[#]} 29. Qxf6 $1 {[%csl Gd4][%cal Rf6g7][%mdl 512]} Qxc1+ 30. Kg2 {[%csl Gd4][%cal Rf6g7] White mates.} Rhg8 31. Bxg8+ Rxg8 32. Qf7+ Kh6 33. Be3+ Qxe3 34. fxe3 {Av CentiPawn Loss W=-15/B=-110. Weighted=-17/-52} 1-0

[Event "70th RUS-ch Women Higher League 2020"]
[Site "Sochi"]
[Date "2020.10.17"]
[Round "9.12"]
[White "Bykova, Anastasia"]
[Black "Nasyrova, Ekaterina"]
[Result "0-1"]
[WhiteElo "2215"]
[BlackElo "2171"]
[Annotator "ChessBase"]
[PlyCount "106"]
[EventDate "2020.10.08"]
[EventType "swiss"]
[EventCountry "RUS"]
[SourceTitle "playchess.com"]
[Source "ChessBase"]
[SourceQuality "1"]
[TimeControl "40/5400+30:1800+30"]

1. e4 {[%emt 0:00:00]} e5 {[%emt 0:00:00]} 2. Nf3 {[%emt 0:00:00]} Nc6 {[%emt 0:00:00]} 3. Bb5 {[%emt 0:00:00]} Nf6 {[%emt 0:00:00]} 4. d3 {[%emt 0:00:00]} Bc5 {[%emt 0:00:07]} 5. c3 {[%emt 0:00:00]} O-O {[%emt 0:00:29]} 6. O-O {[%emt 0:00:05]} d6 {[%emt 0:00:17]} 7. Bg5 {[%emt 0:00:05]} Bb6 {[%emt 0:01:56]} 8. a4 {[%emt 0:00:24]} a6 {[%emt 0:01:55]} 9. Bxc6 {[%emt 0:00:07]} bxc6 {[%emt 0:00:10]} 10. a5 {[%emt 0:00:02]} Ba7 {[%emt 0:00:17]} 11. Nbd2 {[%emt 0:06:12]} h6 {[%emt 0:03:14]} 12. Bh4 {[%emt 0:00:22]} Qe7 {[%emt 0:04:31]} 13. Re1 {[%emt 0:04:08]} Qe6 {[%emt 0:04:22]} 14. d4 {[%emt 0:01:37]} Nd7 {[%emt 0:01:24]} 15. Qa4 {[%emt 0:02:43]} Bb7 {[%emt 0:03:13]} 16. b4 {[%emt 0:08:37]} Rae8 {[%emt 0:05:08]} 17. Bg3 {[%emt 0:01:13]} f5 {[%emt 0:01:33]} 18. exf5 {[%emt 0:00:59]} Qxf5 {[%emt 0:00:22]} 19. Qa2+ {[%emt 0:02:35]} Kh7 {[%emt 0:06:43]} 20. Nh4 {[%emt 0:01:56]} Qh5 {[%emt 0:01:56]} 21. Qc2+ {[%emt 0:00:11]} Kg8 {[%emt 0:00:16]} 22. Qd3 {[%emt 0:12:57]} Rf6 {[%emt 0:08:36]} 23. Nhf3 {[%emt 0:09:33]} exd4 {[%emt 0:05:08]} 24. cxd4 {[%emt 0:05:48]} Rxe1+ {[%emt 0:01:34]} 25. Rxe1 {[%emt 0:00:24]} Qd5 {[%emt 0:00:25]} 26. Re7 {[%emt 0:10:01]} Rf7 {[%emt 0:02:08]} 27. Re8+ {[%emt 0:00:06]} Nf8 {[%emt 0:02:54]} 28. Qc3 {[%emt 0:08:55]} Rf6 {[%emt 0:10:22]} 29. Re4 {[%emt 0:06:03]} Re6 {[%emt 0:02:51]} 30. Rg4 {[%emt 0:00:44]} Nd7 {[%emt 0:03:23]} 31. Qc2 {[%emt 0:10:01]} Nf6 {[%emt 0:02:18]} 32. Rf4 {[%emt 0:02:05]} Qb5 {[%emt 0:01:05]} 33. Qg6 {[%emt 0:02:09]} Qh5 {[%emt 0:06:58]} 34. Qb1 {[%emt 0:00:05]} Qe8 {[%emt 0:00:27]} 35. h3 {[%emt 0:00:56]} Nd5 {[%emt 0:02:31]} 36. Rg4 {[%emt 0:01:24]} Bc8 {[%emt 0:00:40]} 37. Kh2 {[%emt 0:01:43]} Qf7 {[%emt 0:02:33]} 38. Qb3 {[%emt 0:01:34]} Nf6 {[%emt 0:03:19]} 39. Rf4 {[%emt 0:01:45]} Re7 {[%emt 0:02:54]} 40. Qc2 {[%emt 0:00:00]} Qe8 {[%emt 0:00:00]} 41. Bh4 {[%emt 0:08:58]} Nd5 {[%emt 0:11:34]} 42. Bxe7 {[%emt 0:00:48]} Nxf4 {[%emt 0:00:13]} 43. Bh4 {[%emt 0:00:53]} Qg6 {[%emt 0:03:31]} 44. Qc4+ {[%emt 0:00:58]} Be6 {[%emt 0:00:34]} 45. Qf1 {[%emt 0:00:05]} Qd3 {[%emt 0:02:30]} 46. Qc1 {[%emt 0:04:31]} Bd5 {[%emt 0:01:47]} 47. Bd8 {[%emt 0:03:06]} Ne6 {[%emt 0:04:01]} 48. Qe1 {[%emt 0:02:11]} Bxd4 {[%emt 0:00:26]} 49. Bxc7 {[%emt 0:01:21]} Nxc7 {[%emt 0:00:47]} 50. Qe7 {[%emt 0:00:05]} Ne6 {[%emt 0:00:20]} 51. Qxd6 {[%emt 0:00:35]} Bxf2 {[%emt 0:00:45]} 52. b5 {[%emt 0:04:03]} Qxb5 {[%emt 0:02:03]} 53. Ne4 {[%emt 0:00:05]} Be3 {[%emt 0:00:54]} 0-1

[Event "70th RUS-ch Women Higher League 2020"]
[Site "Sochi"]
[Date "2020.10.17"]
[Round "9.13"]
[White "Ovod, Evgenija"]
[Black "Kochukova, Anna"]
[Result "1/2-1/2"]
[WhiteElo "2372"]
[BlackElo "2093"]
[Annotator "TA"]
[PlyCount "73"]
[EventDate "2020.10.08"]
[EventType "swiss"]
[EventCountry "RUS"]
[SourceTitle "playchess.com"]
[Source "ChessBase"]
[SourceQuality "1"]

{[%evp 12,73,16,14,19,20,13,14,14,0,0,0,0,0,8,0,7,8,-3,-15,0,0,0,0,0,0,0,0,0,4,27,-15,0,-14,-1,8,18,-3,43,-55,-48,-137,-128,-143,-144,-131,-148,-252,-191,-337,-7,-7,0,0,0,0,0,0,0,0,0,0,0,0]} 1. e4 c5 2. Nf3 e6 3. d4 cxd4 4. Nxd4 Nc6 5. Nb5 d6 6. c4 Nf6 7. N1c3 a6 {B44: Sicilian: Taimanov: 5 Nb5.} 8. Na3 Qa5 9. Bd2 Be7 10. Nc2 O-O 11. Be2 Qc7 12. O-O Ne5 13. Ne3 b6 14. f4 Ng6 {[#]} 15. g3 $146 ({Predecessor:} 15. Rc1 Bb7 16. Bd3 Qb8 17. a4 Rd8 18. Qf3 b5 19. axb5 axb5 20. cxb5 d5 21. exd5 exd5 {0-1 (46) Fedorov,A (2568)-Firouzja,A (2582) Batumi 2018}) 15... Bb7 16. Bf3 b5 17. cxb5 axb5 18. Nxb5 Qb6 19. Nc3 d5 20. exd5 exd5 {[#] ...Bc5 is the strong threat.} 21. Na4 (21. Qb3 $5 {[%cal Rb3b6]} Qxb3 22. axb3 $14) 21... Qd4 $36 {[%mdl 2048] Black has good play.} (21... Qa7 $5 22. b3 $8 Rfc8 $11) 22. b3 Ne4 23. Bxe4 $1 dxe4 24. Qe1 Rfd8 25. Bc3 (25. Rf2 $14) 25... Qa7 $15 {And now ...Rd3 would win.} 26. Qf2 (26. Rc1 $15) 26... Rd3 $17 27. Rae1 {[#] Threatening f5.} Bc6 $1 {[%cal Rc6a4]} 28. f5 Bxa4 29. Bxg7 (29. fxg6 $17 {was called for.} Rxc3 30. bxa4 (30. gxf7+ Kf8 $17)) 29... Kxg7 30. fxg6 (30. f6+ $142 Kh8 31. fxe7) 30... fxg6 $2 (30... hxg6 $19 31. Qxf7+ (31. bxa4 $2 Bc5 $19) 31... Kh6) 31. bxa4 $11 {The position is equal.} Bc5 {[%cal Rc5e3]} 32. Qf6+ Kg8 33. Qe6+ Kg7 34. Qe5+ Kg8 35. Qe6+ Kg7 36. Qf6+ Kg8 37. Qe6+ {Av CentiPawn Loss W=-17/B=-17. Weighted=-22/-33} 1/2-1/2